Dictionary of Malaysian business
| Main Author: | |
|---|---|
| Format: | Book |
| Published: |
Petaling Jaya :
Pelanduk Publcations(M) Sdn Bhd ,
1993
|
| Subjects: |
MARC
| LEADER | 00000cam a2200000 7i4500 | ||
|---|---|---|---|
| 001 | 0000002811 | ||
| 002 | 000003042 | ||
| 005 | 20000330.0 | ||
| 020 | |a 9838620025 | ||
| 090 | 0 | 0 | |a 332.0959503 |b FOR |
| 100 | 0 | |a Forbes, Eric C. | |
| 245 | 1 | 0 | |a Dictionary of Malaysian business |c Eric C.Forbes |
| 260 | |a Petaling Jaya : |b Pelanduk Publcations(M) Sdn Bhd , |c 1993 | ||
| 300 | |a 440p. ; |c 18cm. | ||
| 650 | 0 | 0 | |a Business |x Dictionaries |
| 999 | |a 036415 |b BUKU |c RUJUKAN |e PERPUSTAKAAN KOMUNITI PETALING JAYA | ||